| 000 | 00431nam a22001217a 4500 | ||
|---|---|---|---|
| 082 |
_a297.1229 _bMAH _cM |
||
| 100 |
_aMahmood, Mulana Sana Ullah _951076 |
||
| 245 | _aصحا بہ رضی اللہ عنہ کے سوالات آنحضرت صلی اللہ علیہ و آلہ وسلم کے جوابات | ||
| 260 |
_aKarachi, _bDara Ul Ishat, _c2001. |
||
| 300 | _a301p. | ||
| 526 |
_a0 _b0 _c0 _d297_122900000000000_MAH |
||
| 942 |
_2ddc _cBK |
||
| 999 |
_c553823 _d553823 |
||